FileNet a consultant's guide to enterprise content management /

Bibliographic Details
Main Author: Groff, Todd R.
Corporate Author: ProQuest (Firm)
Other Authors: Jones, Thomas P.
Format: Electronic eBook
Language:English
Published: Amsterdam ; Boston : Elsevier/Butterworth-Heinemann, c2004.
Subjects:
Online Access:Click to View
LEADER 01328nam a2200361Ia 4500
001 EBC226709
003 MiAaPQ
005 20200520144314.0
006 m o d |
007 cr cn|||||||||
008 040113s2004 ne a s 001 0 eng d
010 |z  2004000583 
020 |z 075067816X (alk. paper) 
035 |a (MiAaPQ)EBC226709 
035 |a (Au-PeEL)EBL226709 
035 |a (CaPaEBR)ebr10127885 
035 |a (CaONFJC)MIL100992 
035 |a (OCoLC)56344452 
040 |a MiAaPQ  |c MiAaPQ  |d MiAaPQ 
050 4 |a HD30.2  |b .G758 2004 
082 0 4 |a 658.4/038  |2 22 
100 1 |a Groff, Todd R. 
245 1 0 |a FileNet  |h [electronic resource] :  |b a consultant's guide to enterprise content management /  |c Todd R. Groff and Thomas P. Jones. 
260 |a Amsterdam ;  |a Boston :  |b Elsevier/Butterworth-Heinemann,  |c c2004. 
300 |a xiii, 203 p. :  |b ill. 
500 |a Includes index. 
533 |a Electronic reproduction. Ann Arbor, MI : ProQuest, 2015. Available via World Wide Web. Access may be limited to ProQuest affiliated libraries. 
650 0 |a Information technology  |x Management. 
650 0 |a Knowledge management. 
655 4 |a Electronic books. 
700 1 |a Jones, Thomas P. 
710 2 |a ProQuest (Firm) 
856 4 0 |u https://ebookcentral.proquest.com/lib/matrademy/detail.action?docID=226709  |z Click to View